| 000 | 00737nam a2200241 i 4500 | ||
|---|---|---|---|
| 001 | 108143 | ||
| 003 | ES-MaACL | ||
| 005 | 20230906184604.0 | ||
| 007 | t| | ||
| 008 | 070124s1957 ne ||||1| eng d | ||
| 080 | _a16 | ||
| 100 | 1 |
_aBochenski, Joseph M. _929672 |
|
| 245 | 1 | 0 |
_aAncient formal logic / _cI. M. Bochenski. |
| 250 | _a2nd. ed. | ||
| 260 |
_aAmsterdam : _bNorth-Holland, _c1957. |
||
| 300 |
_aVI, 122 p. ; _c22 cm. |
||
| 490 | 1 | _aStudies in logic and the foundations of mathematics | |
| 500 | _aBiblioteca Jacinto Martínez Lacalle. | ||
| 650 | 4 |
_aLógica. _914693 |
|
| 830 | 0 |
_aStudies in logic and the foundations of mathematics _9232930 |
|
| 852 |
_aES-MaACL _jE-11534 _bR.139536 |
||
| 999 |
_c108143 _d108143 |
||